[Event "DVM U20 2003"]
[Site "Ditzingen GER"]
[Date "2003.12.29"]
[Round "6"]
[White "Strathoff, Martin"]
[Black "Michalowski, Peter"]
[Result "1-0"]
[Termination "normal"]
[Board "6.3"]
[WhiteElo "1866"]
[BlackElo "1787"]
[WhiteTeam "SF Berghofen-Wambel"]
[BlackTeam "SV Empor Erfurt"]
[PlyCount "53"]
[WhiteFideId "24609560"]
[BlackFideId "24609978"]
[EventCountry "GER"]
[EventRounds "7"]
[EventType "team-swiss"]
[EventDate "2003.12.26"]

1. d4 Nf6 2. c4 e5 3. dxe5 Ng4 4. e4 Nxe5 5. f4 Nec6 6. Be3 Bb4+ 7. Nc3 Bxc3+
8. bxc3 O-O 9. Nf3 d6 10. Bd3 Qe7 11. O-O Nd7 12. Nd4 Nf6 13. Qc2 Re8 14. Nxc6
bxc6 15. e5 dxe5 16. fxe5 Ng4 17. Bxh7+ Kh8 18. Bf4 g6 19. Bxg6 fxg6 20. Qxg6
Rg8 21. Qxc6 Rb8 22. Rf3 Rg7 23. Qe4 Bb7 24. Rh3+ Kg8 25. Qd4 Rf8 26. Rg3 Rxf4
27. Qxf4 {musste man nach 27...S:e5 noch nicht aufgeben, wird aber auf beiden
Formularen uebereinstimmend so angegeben} 1-0

[Event "DVM U20 2003"]
[Site "Ditzingen GER"]
[Date "2003.12.29"]
[Round "6"]
[White "Strauch, Martin"]
[Black "Grofig, Patrick"]
[Result "1/2-1/2"]
[Termination "normal"]
[Board "6.4"]
[WhiteElo "1670"]
[BlackElo "2116"]
[WhiteTeam "SV Empor Erfurt"]
[BlackTeam "SF Berghofen-Wambel"]
[PlyCount "37"]
[BlackFideId "24605654"]
[EventCountry "GER"]
[EventRounds "7"]
[EventType "team-swiss"]
[EventDate "2003.12.26"]

1. e4 c6 2. d4 d5 3. exd5 cxd5 4. Bd3 Nc6 5. c3 Nf6 6. h3 e6 7. Nf3 Bd6 8. O-O
O-O 9. Bg5 a6 10. Nbd2 b5 11. Nh2 Be7 12. Ndf3 Bb7 13. Ng4 Nxg4 14. Bxe7 Nxf2
15. Bxh7+ Kh8 16. Rxf2 Qxe7 17. Bc2 g6 18. Qd2 Kg7 19. Raf1 1/2-1/2

[Event "DVM U20 2003"]
[Site "Ditzingen GER"]
[Date "2003.12.29"]
[Round "6"]
[White "Babczyk, Adrian"]
[Black "Schoel, Tobias"]
[Result "0-1"]
[Termination "normal"]
[Board "6.5"]
[WhiteElo "1777"]
[BlackElo "1693"]
[WhiteTeam "SF Berghofen-Wambel"]
[BlackTeam "SV Empor Erfurt"]
[PlyCount "87"]
[WhiteFideId "24608700"]
[EventCountry "GER"]
[EventRounds "7"]
[EventType "team-swiss"]
[EventDate "2003.12.26"]

1. Nf3 c5 2. c4 Nf6 3. d4 e6 4. Nc3 cxd4 5. Nxd4 d5 6. e3 Nc6 7. cxd5 Nxd4 8.
Qxd4 Nxd5 9. Nxd5 Qxd5 10. Qxd5 exd5 11. Bb5+ Bd7 12. Bxd7+ Kxd7 13. Bd2 Bd6
14. Bc3 f6 15. O-O-O Ke6 16. Rd3 Be5 17. Bd4 Rac8+ 18. Kb1 Bxd4 19. Rxd4 Rc4
20. Rhd1 Rxd4 21. Rxd4 Rc8 22. Rd2 Rc5 23. Rd4 Rc4 24. Rd2 Ke5 25. b3 Rc5 26.
Kb2 a6 27. Rd4 Kd6 28. Rd3 Ke5 29. Rc3 Rxc3 30. Kxc3 Ke4 31. Kd2 d4 32. f3+ Ke5
33. e4 f5 34. Kd3 fxe4+ 35. fxe4 a5 36. h3 b5 37. a4 b4 38. h4 h5 39. g3 g6 40.
Kc4 Kxe4 41. Kb5 d3 42. Kxa5 d2 43. Kxb4 d1=Q 44. a5 0-1

[Event "DVM U20 2003"]
[Site "Ditzingen GER"]
[Date "2003.12.29"]
[Round "6"]
[White "Sabelfeld, Nastja"]
[Black "Menkowski, Patrick"]
[Result "1-0"]
[Termination "normal"]
[Board "6.6"]
[WhiteElo "1565"]
[BlackElo "1752"]
[WhiteTeam "SV Empor Erfurt"]
[BlackTeam "SF Berghofen-Wambel"]
[PlyCount "85"]
[EventCountry "GER"]
[EventRounds "7"]
[EventType "team-swiss"]
[EventDate "2003.12.26"]

1. e4 d5 2. exd5 Qxd5 3. Nf3 c6 4. d4 Bf5 5. Be2 e6 6. O-O Nf6 7. c3 Qa5 8. Bf4
Nbd7 9. Nbd2 Qd8 10. Qb3 Nh5 11. Bg5 Qb6 12. Nc4 Qxb3 13. axb3 f6 14. Be3 g6
15. Nfd2 Ng7 16. g4 Bxg4 17. Bxg4 h5 18. Be2 g5 19. f3 Nf5 20. Bf2 Kf7 21. Ne4
h4 22. h3 Be7 23. Ne3 Nf8 24. b4 Ng6 25. Ng2 a6 26. Rfe1 Ng3 27. Bc4 Nf8 28.
Nd2 Bd6 29. Ne4 Be7 30. Nc5 Bxc5 31. bxc5 f5 32. Kh2 Nh5 33. Re5 Ng7 34. Ba2
Re8 35. Rae1 Kf6 36. f4 Nd7 37. fxg5+ Kxg5 38. R5e2 f4 39. Re4 Nf5 40. Bxe6 Ng3
41. Rxf4 Nf6 42. Re5+ Kg6 43. Nxh4+ 1-0

[Event "DVM U20 2003"]
[Site "Ditzingen GER"]
[Date "2003.12.29"]
[Round "6"]
[White "Ortmann, David"]
[Black "Häcker, Alexander"]
[Result "0-1"]
[Termination "normal"]
[Board "7.1"]
[WhiteElo "2280"]
[BlackElo "2245"]
[WhiteTeam "TSF Ditzingen"]
[BlackTeam "SV Wolfbusch"]
[PlyCount "72"]
[WhiteFideId "4651588"]
[BlackFideId "4678214"]
[EventCountry "GER"]
[EventRounds "7"]
[EventType "team-swiss"]
[EventDate "2003.12.26"]

1. Nf3 d5 2. d4 Nf6 3. c4 e6 4. Nc3 c6 5. e3 Bd6 6. Bd3 Nbd7 7. O-O O-O 8. e4
dxe4 9. Nxe4 Be7 10. Qe2 c5 11. dxc5 Nxc5 12. Nxc5 Bxc5 13. Bg5 Be7 14. Rfe1
Qc7 15. Ne5 Bd7 16. Qf3 Bc6 17. Qh3 Rfd8 18. Bxf6 Bxf6 19. Bxh7+ Kf8 20. f4 Rd2
21. Nxc6 Qxc6 22. Be4 Qb6+ 23. Kh1 Rad8 24. f5 e5 25. Rab1 Kg8 26. Qc3 Bh4 27.
c5 Qh6 28. Rf1 R8d4 29. Bxb7 R4d3 30. Qxe5 Bg3 31. Qe8+ Kh7 32. h3 Bf4 (32...
Bc7 33. Qxf7 Rxh3+ 34. gxh3 Qxh3+) 33. Bf3 Qh4 34. Qxf7 Rxg2 35. Bxg2 (35. Qh5+
Qxh5 36. Bxh5 Rh2+ 37. Kg1 Rdxh3 38. Bg6+ Kh6 39. Rxf4) 35... Rxh3+ 36. Kg1
Be3+ 0-1

[Event "DVM U20 2003"]
[Site "Ditzingen GER"]
[Date "2003.12.29"]
[Round "6"]
[White "Mijatovic, Vladimir"]
[Black "Behm, Simon"]
[Result "1/2-1/2"]
[Termination "normal"]
[Board "7.2"]
[WhiteElo "2126"]
[BlackElo "2045"]
[WhiteTeam "SV Wolfbusch"]
[BlackTeam "TSF Ditzingen"]
[PlyCount "26"]
[WhiteFideId "934062"]
[BlackFideId "4691962"]
[EventCountry "GER"]
[EventRounds "7"]
[EventType "team-swiss"]
[EventDate "2003.12.26"]

1. e4 e6 2. Nf3 d5 3. Nc3 Nf6 4. e5 Nfd7 5. d4 c5 6. dxc5 Nc6 7. Bf4 Bxc5 8.
Bd3 f6 9. exf6 Qxf6 10. Bg3 a6 11. O-O h6 12. Qe2 O-O 13. Rae1 Nb6 1/2-1/2

[Event "DVM U20 2003"]
[Site "Ditzingen GER"]
[Date "2003.12.29"]
[Round "6"]
[White "Reinhold, Dirk"]
[Black "Häcker, Sonja"]
[Result "0-1"]
[Termination "normal"]
[Board "7.3"]
[WhiteElo "2018"]
[BlackElo "2028"]
[WhiteTeam "TSF Ditzingen"]
[BlackTeam "SV Wolfbusch"]
[PlyCount "94"]
[WhiteFideId "4685849"]
[BlackFideId "4680928"]
[EventCountry "GER"]
[EventRounds "7"]
[EventType "team-swiss"]
[EventDate "2003.12.26"]

1. e4 c5 2. c4 Nc6 3. Nc3 d6 4. g3 g6 5. Bg2 Bg7 6. Nge2 e6 7. O-O Nge7 8. d3
O-O 9. Be3 Nd4 10. Qd2 Re8 11. Kh1 Rb8 12. h3 a6 13. Rac1 b5 14. b3 Bd7 15. f4
Bc6 16. g4 f5 17. Rcd1 Rf8 18. Rf2 d5 19. gxf5 gxf5 20. exd5 exd5 21. Bxd4 cxd4
22. Nxd5 Nxd5 23. Bxd5+ Bxd5+ 24. cxd5 Qxd5+ 25. Kh2 Kh8 26. Ng3 Rb6 27. Nh5
Rg8 28. Rg1 Rg6 29. Rfg2 Bh6 30. Qe2 Qf7 31. Qe5+ Bg7 32. Nxg7 Qxg7 33. Qxg7+
Kxg7 34. Rc1 Re8 35. Rc7+ Kh6 36. Rxg6+ hxg6 37. Rd7 Re2+ 38. Kg1 Rxa2 39. Rxd4
Ra3 40. b4 Ra2 41. Kh1 Kh5 42. Kg1 Kh4 43. Rd6 Kxh3 44. Rxg6 Ra3 45. Kf2 Rxd3
46. Rxa6 Kg4 47. Rc6 Rb3 0-1

[Event "DVM U20 2003"]
[Site "Ditzingen GER"]
[Date "2003.12.29"]
[Round "6"]
[White "Niethammer, Christoph"]
[Black "Scheerer, Kim"]
[Result "1-0"]
[Termination "normal"]
[Board "7.4"]
[WhiteElo "1982"]
[BlackElo "1389"]
[WhiteTeam "SV Wolfbusch"]
[BlackTeam "TSF Ditzingen"]
[PlyCount "45"]
[WhiteFideId "4694325"]
[EventCountry "GER"]
[EventRounds "7"]
[EventType "team-swiss"]
[EventDate "2003.12.26"]

1. e4 e5 2. Nf3 Nc6 3. Bb5 a6 4. Ba4 Nf6 5. O-O Bc5 6. d3 h6 7. Be3 Bxe3 8.
fxe3 d6 9. Nc3 Bg4 10. Qe1 O-O 11. Qg3 Ne7 12. Nh4 Ng6 13. Nf5 Bxf5 14. Rxf5 c6
15. Bb3 Qc7 16. Qxg6 Kh8 17. Qg3 b5 18. Raf1 a5 19. a4 b4 20. Ne2 Rad8 21. Rxf6
Rd7 22. Rxh6+ Kg8 23. Qg6 1-0

[Event "DVM U20 2003"]
[Site "Ditzingen GER"]
[Date "2003.12.29"]
[Round "6"]
[White "Beeck, Alexander"]
[Black "Naß, Walter Robert"]
[Result "0-1"]
[Termination "normal"]
[Board "7.5"]
[WhiteElo "1315"]
[BlackElo "1844"]
[WhiteTeam "TSF Ditzingen"]
[BlackTeam "SV Wolfbusch"]
[PlyCount "64"]
[BlackFideId "24607215"]
[EventCountry "GER"]
[EventRounds "7"]
[EventType "team-swiss"]
[EventDate "2003.12.26"]

1. d4 Nf6 2. c4 g6 3. Nc3 d5 4. Nf3 Bg7 5. Bg5 Ne4 6. e3 Bg4 7. Bh4 Nxc3 8.
bxc3 dxc4 9. Bxc4 O-O 10. Qb3 Bxf3 11. gxf3 b6 12. Bd5 c6 13. Be4 Qc7 14. Qc4
e6 15. Rc1 Rc8 16. Bg3 Qd7 17. h4 b5 18. Qb3 a5 19. a4 Ra6 20. Bd3 Rb6 21. c4
b4 22. Qb1 c5 23. h5 cxd4 24. hxg6 hxg6 25. Bxg6 fxg6 26. Qxg6 Qf7 27. Qh7+ Kf8
28. Be5 Bxe5 29. Qh6+ Bg7 30. Qh8+ Bxh8 31. Rxh8+ Qg8 32. Rxg8+ Kxg8 0-1

[Event "DVM U20 2003"]
[Site "Ditzingen GER"]
[Date "2003.12.29"]
[Round "6"]
[White "Willems, Sebastian"]
[Black "Lembke, Philipp"]
[Result "1-0"]
[Termination "normal"]
[Board "7.6"]
[WhiteElo "1500"]
[BlackElo "1062"]
[WhiteTeam "SV Wolfbusch"]
[BlackTeam "TSF Ditzingen"]
[PlyCount "73"]
[EventCountry "GER"]
[EventRounds "7"]
[EventType "team-swiss"]
[EventDate "2003.12.26"]

1. c4 e5 2. Nc3 Nc6 3. Nf3 Bb4 4. d3 Bxc3+ 5. bxc3 Nf6 6. g3 d6 7. Bg2 Be6 8.
Rb1 Rb8 9. O-O O-O 10. h3 Qd7 11. Kh2 d5 12. cxd5 Nxd5 13. Qc2 Nf6 14. Rd1 Rfd8
15. Bg5 Qe7 16. Rb2 h6 17. Bxf6 Qxf6 18. Rdb1 b6 19. Rf1 Rd6 20. Nd2 Bd5 21.
Ne4 Bxe4 22. Bxe4 Rbd8 23. Qa4 a5 24. Qb5 Rb8 25. Rbb1 Qe6 26. c4 Qf6 27. f4
Rbd8 28. fxe5 Qxe5 29. Bxc6 Qxe2+ 30. Bg2 Qxa2 31. Rb2 Qa3 32. Bd5 Qxd3 33.
Bxf7+ Kh8 34. Rbf2 Rf6 35. Rxf6 gxf6 36. Qh5 Qxf1 37. Qxh6# 1-0

[Event "DVM U20 2003"]
[Site "Ditzingen GER"]
[Date "2003.12.30"]
[Round "7"]
[White "Klinger, Sebastian"]
[Black "Kritz, Leonid"]
[Result "0-1"]
[Termination "normal"]
[Board "1.1"]
[WhiteElo "2146"]
[BlackElo "2533"]
[WhiteTeam "TuS Geretsried"]
[BlackTeam "SG Bochum 31"]
[PlyCount "86"]
[WhiteFideId "4667549"]
[BlackFideId "4653530"]
[EventCountry "GER"]
[EventRounds "7"]
[EventType "team-swiss"]
[EventDate "2003.12.26"]

1. d4 Nf6 2. Nf3 e6 3. Bf4 c5 4. c3 Nc6 5. e3 Be7 6. h3 b6 7. Bd3 Bb7 8. Nbd2
d6 9. e4 O-O 10. O-O cxd4 11. Nxd4 Ne5 12. Bc2 Rc8 13. Qe2 Qc7 14. Bb3 Qb8 15.
a4 a6 16. g4 Nc6 17. g5 Nd7 18. Qg4 Nc5 19. Nxc6 Bxc6 20. Bc2 b5 21. a5 e5 22.
Be3 d5 23. Bxc5 Bxc5 24. exd5 Bxd5 25. Ne4 Bxe4 26. Qxe4 g6 27. Rad1 Qc7 28.
Bb3 Rce8 29. h4 Kg7 30. Qg4 Re7 31. h5 f6 32. hxg6 hxg6 33. gxf6+ Rxf6 34. Rd3
e4 35. Rh3 Re5 36. Rd1 Rxf2 37. Kh1 Rff5 38. Rg3 Qc6 39. Rd7+ Be7 40. Rxe7+
Rxe7 41. Qxf5 e3+ 42. Bd5 e2 43. Bxc6 e1=Q+ 0-1

[Event "DVM U20 2003"]
[Site "Ditzingen GER"]
[Date "2003.12.30"]
[Round "7"]
[White "Zaragatski, Ilja"]
[Black "Motl, Martin"]
[Result "1/2-1/2"]
[Termination "normal"]
[Board "1.2"]
[WhiteElo "2337"]
[BlackElo "2160"]
[WhiteTeam "SG Bochum 31"]
[BlackTeam "TuS Geretsried"]
[PlyCount "54"]
[WhiteFideId "4655192"]
[BlackFideId "4667522"]
[EventCountry "GER"]
[EventRounds "7"]
[EventType "team-swiss"]
[EventDate "2003.12.26"]

1. e4 c5 2. Nf3 d6 3. d4 cxd4 4. Nxd4 Nf6 5. Nc3 a6 6. f3 e6 7. Be3 Nbd7 8. g4
h6 9. Qd2 b5 10. O-O-O Bb7 11. h4 b4 12. Na4 Qa5 13. b3 Rc8 14. Kb1 Nc5 15.
Nxc5 dxc5 16. Ne2 c4 17. Ng3 c3 18. Qc1 Nd7 19. Bh3 Bc5 20. Bf4 Qb6 21. Ka1 g5
22. hxg5 e5 23. Rxd7 exf4 24. Rxb7 Qxb7 25. Qxf4 hxg5 26. Qe5+ Kd7 27. Qxg5 Qc6
1/2-1/2

[Event "DVM U20 2003"]
[Site "Ditzingen GER"]
[Date "2003.12.30"]
[Round "7"]
[White "Herzog, Matthias"]
[Black "Schlawin, Marlon"]
[Result "1/2-1/2"]
[Termination "normal"]
[Board "1.3"]
[WhiteElo "1962"]
[BlackElo "2293"]
[WhiteTeam "TuS Geretsried"]
[BlackTeam "SG Bochum 31"]
[PlyCount "34"]
[WhiteFideId "4698541"]
[BlackFideId "4675584"]
[EventCountry "GER"]
[EventRounds "7"]
[EventType "team-swiss"]
[EventDate "2003.12.26"]

1. e4 Nf6 2. e5 Nd5 3. c4 Nb6 4. d4 d6 5. exd6 cxd6 6. h3 g6 7. Nf3 Bg7 8. Be2
O-O 9. O-O Nc6 10. Nc3 Bf5 11. b3 d5 12. c5 Nd7 13. Bb2 Nf6 14. a3 Ne4 15. b4
a6 16. Na4 Qc7 17. Nb6 Rad8 1/2-1/2

[Event "DVM U20 2003"]
[Site "Ditzingen GER"]
[Date "2003.12.30"]
[Round "7"]
[White "Becker, Martin Alexander"]
[Black "Klinger, Stefan"]
[Result "1-0"]
[Termination "normal"]
[Board "1.4"]
[WhiteElo "2244"]
[BlackElo "1699"]
[WhiteTeam "SG Bochum 31"]
[BlackTeam "TuS Geretsried"]
[PlyCount "143"]
[WhiteFideId "4680820"]
[EventCountry "GER"]
[EventRounds "7"]
[EventType "team-swiss"]
[EventDate "2003.12.26"]

1. d4 d5 2. c4 e6 3. Nc3 Nf6 4. cxd5 exd5 5. Bg5 Be7 6. e3 O-O 7. Bd3 c6 8. Qc2
Nbd7 9. Nf3 Re8 10. O-O Ne4 11. Bxe4 Bxg5 12. Bxh7+ Kh8 13. Nxg5 Qxg5 14. Bd3
Nf6 15. b4 g6 16. b5 Kg7 17. bxc6 bxc6 18. Rae1 Rh8 19. f4 Qh5 20. h3 Bf5 21.
Rf3 Qh4 22. Ref1 Bxd3 23. Qxd3 Rae8 24. Qa6 Ne4 25. Qd3 Re7 26. Rc1 g5 27. f5
g4 28. Rf4 Nf6 29. Rcf1 Qg3 30. Nd1 gxh3 31. R1f2 Ne4 32. f6+ Kg8 33. fxe7 h2+
34. Kh1 Nxf2+ 35. Nxf2 Kg7 36. Rg4+ Qxg4 37. Nxg4 Re8 38. Qc3 f5 39. Ne5 c5 40.
Qxc5 f4 41. Qd6 fxe3 42. Qg6+ Kh8 43. Qxe8+ Kg7 44. Qg6+ Kh8 45. Qh6+ Kg8 46.
Qxe3 a5 47. Qg3+ Kh8 48. Qxh2+ Kg7 49. Qg3+ Kh8 50. Qg6 a4 51. Qe6 a3 52. Qxd5
Kg7 53. Qc5 Kf6 54. Qxa3 Ke6 55. e8=B Kd5 56. Qc5+ Ke4 57. a4 Ke3 58. a5 Ke2
59. a6 Kd2 60. a7 Ke2 61. a8=B Kd2 62. d5 Ke2 63. d6 Kd2 64. d7 Ke2 65. d8=B
Kd2 66. g4 Ke2 67. g5 Kd2 68. g6 Ke2 69. g7 Kd2 70. g8=B Ke2 71. Bf3+ Kd2 72.
Ba5# 1-0

[Event "DVM U20 2003"]
[Site "Ditzingen GER"]
[Date "2003.12.30"]
[Round "7"]
[White "Klinger, Severin"]
[Black "Iounoussov, Maksim"]
[Result "0-1"]
[Termination "normal"]
[Board "1.5"]
[WhiteElo "1530"]
[BlackElo "2096"]
[WhiteTeam "TuS Geretsried"]
[BlackTeam "SG Bochum 31"]
[PlyCount "84"]
[BlackFideId "4675436"]
[EventCountry "GER"]
[EventRounds "7"]
[EventType "team-swiss"]
[EventDate "2003.12.26"]

1. d4 d5 2. Nf3 Nc6 3. Bf4 Bg4 4. e3 Nf6 5. c3 e6 6. Be2 Be7 7. Nbd2 O-O 8. O-O
Re8 9. Ne5 Bxe2 10. Qxe2 Nxe5 11. Bxe5 c5 12. Rfc1 Nd7 13. Bg3 Qb6 14. Nf3 Bd6
15. Bxd6 Qxd6 16. Rd1 Rad8 17. Rac1 Nb6 18. e4 cxd4 19. Rxd4 e5 20. Rd2 Qc7 21.
Rcd1 dxe4 22. Rxd8 Rxd8 23. Rxd8+ Qxd8 24. Qxe4 f6 25. h3 Qd7 26. b3 Qd1+ 27.
Qe1 Qxe1+ 28. Nxe1 Nd5 29. c4 Nc3 30. a4 Ne2+ 31. Kf1 Nd4 32. b4 e4 33. g3 Kf7
34. Ng2 Ke6 35. Nf4+ Ke5 36. Nd5 Nc2 37. Ke2 Kd4 38. Kd2 Kxc4 39. Nc3 e3+ 40.
Kxc2 exf2 41. Nd1 f1=N 42. b5 Nxg3 0-1

[Event "DVM U20 2003"]
[Site "Ditzingen GER"]
[Date "2003.12.30"]
[Round "7"]
[White "Smolka, Alexander"]
[Black "Vintan, Cristina-Mihaela"]
[Result "1-0"]
[Termination "normal"]
[Board "1.6"]
[WhiteElo "2136"]
[BlackElo "1435"]
[WhiteTeam "SG Bochum 31"]
[BlackTeam "TuS Geretsried"]
[PlyCount "47"]
[WhiteFideId "4685148"]
[EventCountry "GER"]
[EventRounds "7"]
[EventType "team-swiss"]
[EventDate "2003.12.26"]

1. e4 c5 2. Nf3 Nc6 3. d4 cxd4 4. Nxd4 Nf6 5. Nc3 e5 6. Ndb5 d6 7. Bg5 a6 8.
Na3 b5 9. Bxf6 gxf6 10. Nd5 f5 11. Bd3 Be6 12. O-O Bg7 13. Qh5 f4 14. c4 bxc4
15. Bxc4 O-O 16. Rac1 Ne7 17. Rfd1 Bxd5 18. Bxd5 Nxd5 19. Rxd5 Qd7 20. Qd1 Rfd8
21. Nc4 Bf8 22. Nb6 Qb7 23. Nxa8 Rxa8 24. b3 1-0

[Event "DVM U20 2003"]
[Site "Ditzingen GER"]
[Date "2003.12.30"]
[Round "7"]
[White "Langrock, Hannes"]
[Black "Kühner, Christian"]
[Result "1-0"]
[Termination "normal"]
[Board "2.1"]
[WhiteElo "2336"]
[BlackElo "2174"]
[WhiteTeam "Hamburger SK von 1830"]
[BlackTeam "ASC Theresianum Mainz"]
[PlyCount "57"]
[WhiteFideId "4655290"]
[BlackFideId "4679440"]
[EventCountry "GER"]
[EventRounds "7"]
[EventType "team-swiss"]
[EventDate "2003.12.26"]

1. e4 c5 2. c3 Nf6 3. e5 Nd5 4. d4 Nc6 5. Nf3 cxd4 6. cxd4 d6 7. Bc4 Nb6 8. Bb3
e6 9. O-O dxe5 10. dxe5 Qxd1 11. Rxd1 g6 12. Nc3 Bg7 13. Bf4 g5 14. Bxg5 O-O
15. Bf6 Nd7 16. Bxg7 Kxg7 17. Re1 Nc5 18. Bc4 a6 19. Ne4 Nxe4 20. Rxe4 Rd8 21.
Rg4+ Kf8 22. Re1 b5 23. Bb3 Bb7 24. Rf4 Ke8 25. Ng5 Rd7 26. Nxh7 Rd2 27. Ng5
Nd8 28. h4 Bd5 29. h5 1-0

[Event "DVM U20 2003"]
[Site "Ditzingen GER"]
[Date "2003.12.30"]
[Round "7"]
[White "Weichhold, Carsten"]
[Black "Frackowiak, Oliver"]
[Result "1/2-1/2"]
[Termination "normal"]
[Board "2.2"]
[WhiteElo "2013"]
[BlackElo "2110"]
[WhiteTeam "ASC Theresianum Mainz"]
[BlackTeam "Hamburger SK von 1830"]
[PlyCount "81"]
[BlackFideId "4677145"]
[EventCountry "GER"]
[EventRounds "7"]
[EventType "team-swiss"]
[EventDate "2003.12.26"]

1. e4 c5 2. Nf3 Nc6 3. d4 cxd4 4. Nxd4 Nf6 5. Nc3 e6 6. Bg5 Bb4 7. Ndb5 Qb6 8.
Be3 Qa5 9. f3 O-O 10. a3 Bxc3+ 11. Nxc3 d5 12. b4 Qd8 13. Bc5 Re8 14. Bb5 Nd7
15. Be3 Qh4+ 16. Bf2 Qf6 17. Qd2 d4 18. Na4 e5 19. O-O a6 20. Bxc6 Qxc6 21. Nb2
Nb6 22. Rac1 Na4 23. Nxa4 Qxa4 24. c3 Qxa3 25. cxd4 exd4 26. Qxd4 Be6 27. Qb6
Re7 28. Rfd1 Qa4 29. Rd6 Qb5 30. Qxb5 axb5 31. Rcd1 h6 32. Bc5 Rc7 33. Kf2 Ra2+
34. Kg3 Bc4 35. h4 h5 36. R1d2 Rxd2 37. Rxd2 Be6 38. Kf4 Rd7 39. Rxd7 Bxd7 40.
Kg5 f6+ 41. Kf4 1/2-1/2

[Event "DVM U20 2003"]
[Site "Ditzingen GER"]
[Date "2003.12.30"]
[Round "7"]
[White "Schilling, Christian"]
[Black "Colpe, Helge"]
[Result "0-1"]
[Termination "normal"]
[Board "2.4"]
[WhiteElo "1649"]
[BlackElo "2092"]
[WhiteTeam "ASC Theresianum Mainz"]
[BlackTeam "Hamburger SK von 1830"]
[PlyCount "132"]
[BlackFideId "4685644"]
[EventCountry "GER"]
[EventRounds "7"]
[EventType "team-swiss"]
[EventDate "2003.12.26"]

1. Nf3 d5 2. d4 Nf6 3. c4 e6 4. Nc3 Be7 5. e3 O-O 6. Bd3 b6 7. O-O Bb7 8. b3
Nbd7 9. Bb2 c5 10. Qe2 Ne4 11. Rfd1 Qb8 12. Ne5 Ndf6 13. cxd5 exd5 14. Nxe4
dxe4 15. Bb5 Bd6 16. h3 a6 17. Bc6 Bxc6 18. Nxc6 Qc7 19. dxc5 Bxc5 20. Bxf6
Qxc6 21. Bd4 Ba3 22. Bb2 Bxb2 23. Qxb2 Rfd8 24. Rd4 Rxd4 25. Qxd4 Rc8 26. Rd1
g6 27. Rd2 b5 28. Kf1 h5 29. Ke2 a5 30. Qd5 Qxd5 31. Rxd5 Rc2+ 32. Rd2 Rc5 33.
Rd4 Re5 34. h4 Kg7 35. Rd6 b4 36. f4 exf3+ 37. gxf3 g5 38. Rd4 f6 39. f4 Rc5
40. fxg5 fxg5 41. hxg5 Kg6 42. Kf3 Kxg5 43. a3 bxa3 44. Ra4 h4 45. Rxa3 Rf5+
46. Kg2 Kh5 47. Kh3 Rf3+ 48. Kh2 Rf5 49. Kg2 Rb5 50. Kh2 Kg4 51. Ra4+ Kf3 52.
Ra3 h3 53. e4 Kxe4 54. Kxh3 Kd4 55. Kg3 Kc3 56. b4+ Kxb4 57. Ra1 a4 58. Kf3 a3
59. Ke3 Rd5 60. Rb1+ Kc3 61. Rb8 Re5+ 62. Kf3 Ra5 63. Ke3 a2 64. Rc8+ Kb2 65.
Rb8+ Ka3 66. Kd3 a1=Q 0-1

[Event "DVM U20 2003"]
[Site "Ditzingen GER"]
[Date "2003.12.30"]
[Round "7"]
[White "Stellwagen, Robin"]
[Black "Katte, Nicolas"]
[Result "1-0"]
[Termination "normal"]
[Board "2.5"]
[WhiteElo "2054"]
[BlackElo "1655"]
[WhiteTeam "Hamburger SK von 1830"]
[BlackTeam "ASC Theresianum Mainz"]
[PlyCount "113"]
[WhiteFideId "24601918"]
[BlackFideId "24614149"]
[EventCountry "GER"]
[EventRounds "7"]
[EventType "team-swiss"]
[EventDate "2003.12.26"]

1. e4 e6 2. d4 b6 3. Nf3 Bb7 4. Bd3 Be7 5. c3 Nf6 6. Qc2 h6 7. Nbd2 O-O 8. b4
d6 9. a4 Nbd7 10. Ba3 c5 11. O-O d5 12. e5 Nh5 13. g3 Rc8 14. Qd1 c4 15. Bc2 g6
16. Ne1 Qe8 17. Qg4 Kh8 18. Ng2 Rg8 19. f4 Ng7 20. Qe2 Nf5 21. g4 Nh4 22. Nxh4
Bxh4 23. Nf3 Qd8 24. Bc1 Be7 25. Kh1 Qf8 26. Bd2 f5 27. exf6 Qxf6 28. Ne5 Nxe5
29. fxe5 Qg7 30. Qg2 Rcf8 31. Kg1 g5 32. Qh3 Rxf1+ 33. Rxf1 Rf8 34. Qh5 Rxf1+
35. Kxf1 Bc6 36. b5 Bd7 37. Bg6 Kg8 38. Kg2 Kf8 39. h4 Bd8 40. hxg5 hxg5 41.
Bxg5 Bxg5 42. Qxg5 Be8 43. Qf4+ Bf7 44. Qxf7+ Qxf7 45. Bxf7 Kxf7 46. Kg3 Kg8
47. Kf4 Kf8 48. Kg5 Kg7 49. Kh5 Kh7 50. g5 Kg7 51. g6 Kg8 52. Kh6 Kh8 53. g7+
Kg8 54. Kg6 a5 55. bxa6 b5 56. a7 b4 57. a8=R# 1-0

[Event "DVM U20 2003"]
[Site "Ditzingen GER"]
[Date "2003.12.30"]
[Round "7"]
[White "Pötzsch, Barnim"]
[Black "Möller, Hendrik"]
[Result "0-1"]
[Termination "normal"]
[Board "2.6"]
[WhiteElo "1467"]
[BlackElo "2105"]
[WhiteTeam "ASC Theresianum Mainz"]
[BlackTeam "Hamburger SK von 1830"]
[PlyCount "102"]
[BlackFideId "24604917"]
[EventCountry "GER"]
[EventRounds "7"]
[EventType "team-swiss"]
[EventDate "2003.12.26"]

1. e4 c5 2. Nf3 a6 3. c3 e6 4. d4 d5 5. e5 Bd7 6. Be3 cxd4 7. cxd4 Bb5 8. Bxb5+
axb5 9. O-O Nc6 10. a3 b4 11. Qb3 Nge7 12. Nbd2 Nf5 13. axb4 Bxb4 14. Rxa8 Qxa8
15. Nb1 O-O 16. Rc1 Be7 17. Na3 Bxa3 18. Qxa3 Qxa3 19. bxa3 Ra8 20. Rc3 Kf8 21.
g4 Nfe7 22. Kf1 Ke8 23. Ke2 h6 24. h4 Kd7 25. Kd3 Rh8 26. Rb3 Kc7 27. Bd2 Nc8
28. Bb4 Nd8 29. a4 h5 30. g5 g6 31. a5 Kb8 32. Bc5 Ka8 33. Nd2 Nc6 34. Ra3 N8e7
35. Kc3 Nf5 36. Nf3 Rc8 37. Kd3 Nb8 38. Rc3 Nd7 39. Bb4 Rxc3+ 40. Kxc3 Ka7 41.
Kb3 Ka6 42. Ka4 b5+ 43. axb6 Nxb6+ 44. Kb3 Nc4 45. Kc3 Na5 46. Bc5 Kb5 47. Bf8
Ka4 48. Bc5 Nc4 49. Bf8 Na3 50. Bxa3 Kxa3 51. Kd3 Kb4 0-1

[Event "DVM U20 2003"]
[Site "Ditzingen GER"]
[Date "2003.12.30"]
[Round "7"]
[White "Wehner, Roland"]
[Black "Korotkevych, Stanislav"]
[Result "1/2-1/2"]
[Termination "normal"]
[Board "3.1"]
[WhiteElo "2182"]
[BlackElo "2320"]
[WhiteTeam "SK Ettlingen"]
[BlackTeam "SG Porz"]
[PlyCount "72"]
[WhiteFideId "4683161"]
[BlackFideId "14107309"]
[EventCountry "GER"]
[EventRounds "7"]
[EventType "team-swiss"]
[EventDate "2003.12.26"]

1. e4 c5 2. Nf3 d6 3. c3 Nf6 4. Be2 e6 5. O-O Be7 6. Re1 O-O 7. Bf1 Nc6 8. d4
Re8 9. Nbd2 e5 10. h3 cxd4 11. cxd4 exd4 12. Nb3 Bf8 13. Bd3 d5 14. e5 Ne4 15.
Bf4 f6 16. Qb1 fxe5 17. Bxe4 dxe4 18. Qxe4 g6 19. Nbxd4 Nxd4 20. Nxd4 Bxh3 21.
Bxe5 Bg7 22. Nf3 Bc8 23. Rad1 Qb6 24. Ng5 Rxe5 25. Qc4+ Be6 26. Nxe6 Qc6 27.
Qxc6 bxc6 28. Nxg7 Rxe1+ 29. Rxe1 Kxg7 30. Re7+ Kh6 31. Rc7 Rd8 32. Rxa7 Rd1+
33. Kh2 Rd2 34. Rb7 Rxf2 35. a4 Rf8 36. b3 Ra8 1/2-1/2